Statistics for Every Nintendo Virtual Boy Game

Click here to take the quiz!

General Stats

  • This quiz has been taken 23 times
  • The average score is 8 of 14

Answer Stats

ReleasedPublisherGenreGame% Correct
1995NintendoActionMario Clash
100%
1995NintendoSportsMario's Tennis
100%
1995NintendoPlatformWario Land
94%
1996NintendoPuzzle3D Tetris
71%
1995OceanActionWaterworld
71%
1995NintendoFightingTeleroboxer
59%
1995NintendoPinballGalactic Pinball
53%
1996NintendoSportsNester's Funky Bowling
53%
1995KemcoSportsVirtual League Baseball
53%
1995AtlusActionJack Bros.
47%
1995NintendoSportsGolf
35%
1995NintendoShooterRed Alarm
35%
1995Hudson SoftShooterVertical Force
29%
1995Hudson SoftPuzzlePanic Bomber
24%

Score Distribution

Percentile by Number Answered

Percent of People with Each Score

Your Score History

You have not taken this quiz